| 000 | 00588aam a2200205 4500 | ||
|---|---|---|---|
| 005 | 20161115141634.0 | ||
| 008 | 150610b xxu||||| |||| 00| 0 spa d | ||
| 041 | _aEspañol | ||
| 082 | _a972.864 Z25c | ||
| 100 |
_aZamora Hernández, Carlos _912926 |
||
| 245 | _aCircuito de turismo cultural: ciudad de Heredia | ||
| 260 |
_aCosta Rica _bMinisterio de Cultura y Juventud _c2011 |
||
| 300 | _a96 páginas | ||
| 650 |
_aCOSTA RICA _931611 |
||
| 650 |
_aHEREDIA _94426 |
||
| 650 |
_aPATRIMONIO ARQUITECTÓNICO _96791 |
||
| 650 |
_aTURISMO _9894 |
||
| 650 |
_aGUÍAS _9738 |
||
| 942 | _cBK | ||
| 999 |
_c2741 _d2741 |
||